<?xml version="1.0" encoding="UTF-8"?>
<record
    xmlns:xsi="http://www.w3.org/2001/XMLSchema-instance"
    xsi:schemaLocation="http://www.loc.gov/MARC21/slim http://www.loc.gov/standards/marcxml/schema/MARC21slim.xsd"
    xmlns="http://www.loc.gov/MARC21/slim">

  <leader>02420nam a2200409   4500</leader>
  <controlfield tag="001">113837</controlfield>
  <controlfield tag="003">DR-UNIBE</controlfield>
  <controlfield tag="005">20260508111618.0</controlfield>
  <controlfield tag="008">250707b2017    dr ||||| |||| 00| 0 spa d</controlfield>
  <datafield tag="040" ind1=" " ind2=" ">
    <subfield code="a">BIBLIOTECA UNIBE</subfield>
    <subfield code="b">spa</subfield>
    <subfield code="c">BIBLIOTECA UNIBE</subfield>
    <subfield code="e">rda</subfield>
  </datafield>
  <datafield tag="041" ind1=" " ind2=" ">
    <subfield code="a">spa</subfield>
  </datafield>
  <datafield tag="082" ind1=" " ind2=" ">
    <subfield code="2">22</subfield>
    <subfield code="a">RD 372.89 V297c</subfield>
  </datafield>
  <datafield tag="100" ind1="1" ind2="0">
    <subfield code="a">Vargas, Tahira</subfield>
    <subfield code="9">23492</subfield>
    <subfield code="e">autor</subfield>
  </datafield>
  <datafield tag="245" ind1="1" ind2="0">
    <subfield code="a">Ciencias sociales 4 :</subfield>
    <subfield code="b">educaci&#xF3;n b&#xE1;sica /</subfield>
    <subfield code="c">Tahira Vargas</subfield>
  </datafield>
  <datafield tag="250" ind1=" " ind2=" ">
    <subfield code="a">Primera edici&#xF3;n</subfield>
  </datafield>
  <datafield tag="260" ind1=" " ind2=" ">
    <subfield code="a">Santo Domingo:</subfield>
    <subfield code="b">Editorial Edisa,</subfield>
    <subfield code="c">2017</subfield>
  </datafield>
  <datafield tag="300" ind1=" " ind2=" ">
    <subfield code="a">127 p&#xE1;ginas:</subfield>
    <subfield code="b">fotos e ilustraciones a color ;</subfield>
    <subfield code="c">27 x 21 cm</subfield>
  </datafield>
  <datafield tag="500" ind1=" " ind2=" ">
    <subfield code="a">Palabras del autor al inicio de la obra</subfield>
  </datafield>
  <datafield tag="505" ind1=" " ind2=" ">
    <subfield code="a">Presentaci&#xF3;n |
1. Nuestras provincias. Su historia y sus tipos de paisaje |
2. Las regiones de nuestro pa&#xED;s |
3. La zona rural de la regiones norte y sus caracter&#xED;sticas |
4. Las regiones norte en sus zona urbana. Sus caracter&#xED;sticas |
5. &#xBF;C&#xF3;mo surge y evolucionan las regiones norte en el Cibao?. &#xBF; Cu&#xE1;l ha sido su desarrollo hist&#xF3;rico? |
6. Las regiones sureste. Caracter&#xED;sticas de su zona rural |
7. Caracter&#xED;sticas de las zona urbana de las regiones del sureste |
8. Proceso hist&#xF3;rico de las regiones sueste |
9. Las regiones suroeste en su zona rural. Sus caracter&#xED;sticas |
10. Caracter&#xED;sticas de la zona urbana de las regiones del suroeste |
11. Proceso hist&#xF3;rico de las regiones suroeste |
12. Las regiones y la Naci&#xF3;n dominicana |
13. De la autora
</subfield>
  </datafield>
  <datafield tag="650" ind1=" " ind2="7">
    <subfield code="2">lemb</subfield>
    <subfield code="a">Ciencias sociales</subfield>
    <subfield code="x">Ense&#xF1;anza</subfield>
    <subfield code="x">Educaci&#xF3;n primaria</subfield>
    <subfield code="9">204637</subfield>
  </datafield>
  <datafield tag="700" ind1="1" ind2="0">
    <subfield code="a">Ram&#xED;rez de Tena, Ligia</subfield>
    <subfield code="9">197071</subfield>
    <subfield code="e">revisi&#xF3;n</subfield>
  </datafield>
  <datafield tag="700" ind1="1" ind2="0">
    <subfield code="a">Berg&#xE9;s Rib, Virginia</subfield>
    <subfield code="9">185557</subfield>
    <subfield code="e">director t&#xE9;cnico</subfield>
  </datafield>
  <datafield tag="700" ind1="1" ind2="0">
    <subfield code="a">Jim&#xE9;nez N., Margarita</subfield>
    <subfield code="9">197072</subfield>
    <subfield code="e">director t&#xE9;cnico</subfield>
  </datafield>
  <datafield tag="700" ind1="1" ind2="0">
    <subfield code="a">Rosa, Mar&#xED;a del Jesus de la</subfield>
    <subfield code="9">197022</subfield>
    <subfield code="e">director t&#xE9;cnico</subfield>
  </datafield>
  <datafield tag="700" ind1=" " ind2="0">
    <subfield code="a">Campusano, Ram&#xF3;n</subfield>
    <subfield code="9">145428</subfield>
    <subfield code="e">diagramador</subfield>
  </datafield>
  <datafield tag="700" ind1="1" ind2="0">
    <subfield code="a">Garc&#xED;a Guerra, Yvonne</subfield>
    <subfield code="9">197074</subfield>
    <subfield code="e">diagramador</subfield>
  </datafield>
  <datafield tag="700" ind1="1" ind2="0">
    <subfield code="a">Brito, Braulio</subfield>
    <subfield code="9">197024</subfield>
    <subfield code="e">dise&#xF1;ador de portada</subfield>
  </datafield>
  <datafield tag="700" ind1="1" ind2="0">
    <subfield code="a">Trinidad, Manuel</subfield>
    <subfield code="9">197075</subfield>
    <subfield code="e">dise&#xF1;ador de portada</subfield>
  </datafield>
  <datafield tag="700" ind1="1" ind2="0">
    <subfield code="a">F&#xE9;lix, Richard</subfield>
    <subfield code="9">197023</subfield>
    <subfield code="e">dise&#xF1;ador de portada</subfield>
  </datafield>
  <datafield tag="700" ind1="1" ind2="0">
    <subfield code="a">Aracena, Soraya</subfield>
    <subfield code="9">31817</subfield>
    <subfield code="e">fot&#xF3;grafo</subfield>
  </datafield>
  <datafield tag="700" ind1="1" ind2="0">
    <subfield code="a">Guigny, Jorge</subfield>
    <subfield code="9">197076</subfield>
    <subfield code="e">fot&#xF3;grafo</subfield>
  </datafield>
  <datafield tag="700" ind1="1" ind2="0">
    <subfield code="a">Caminero, Carlos</subfield>
    <subfield code="9">197077</subfield>
    <subfield code="e">fot&#xF3;grafo</subfield>
  </datafield>
  <datafield tag="700" ind1="1" ind2="0">
    <subfield code="a">Lanzetti, Gianfranco</subfield>
    <subfield code="9">57341</subfield>
    <subfield code="e">fot&#xF3;grafo</subfield>
  </datafield>
  <datafield tag="700" ind1="1" ind2="0">
    <subfield code="a">Garc&#xED;a Guerra, Yvonne</subfield>
    <subfield code="9">197074</subfield>
    <subfield code="e">fot&#xF3;grafo</subfield>
  </datafield>
  <datafield tag="710" ind1=" " ind2=" ">
    <subfield code="a">Disesa</subfield>
    <subfield code="d">fot&#xF3;gafo</subfield>
    <subfield code="9">197082</subfield>
  </datafield>
  <datafield tag="942" ind1=" " ind2=" ">
    <subfield code="2">ddc</subfield>
    <subfield code="c">BK</subfield>
  </datafield>
  <datafield tag="999" ind1=" " ind2=" ">
    <subfield code="c">113837</subfield>
    <subfield code="d">113837</subfield>
  </datafield>
  <datafield tag="952" ind1=" " ind2=" ">
    <subfield code="0">0</subfield>
    <subfield code="1">0</subfield>
    <subfield code="2">ddc</subfield>
    <subfield code="7">0</subfield>
    <subfield code="8">GEN-RD</subfield>
    <subfield code="a">Principal</subfield>
    <subfield code="d">2025-05-07</subfield>
    <subfield code="l">0</subfield>
    <subfield code="o">RD 372.89 V297c</subfield>
    <subfield code="p">250698</subfield>
    <subfield code="r">2025-07-07 14:33:48</subfield>
    <subfield code="t">Ej. 1</subfield>
    <subfield code="w">2025-07-07</subfield>
    <subfield code="y">BK</subfield>
  </datafield>
</record>
